Architetture del passato, patrimoni del presente
| Main Author: | |
|---|---|
| Format: | Print Article |
| Language: | Italian English |
| Published: |
2023
|
| In: |
Architetture liberate
Year: 2023, Pages: 26-35 |
| Check availability: | HBZ Gateway |
MARC
| LEADER | 00000caa a2200000 c 4500 | ||
|---|---|---|---|
| 001 | 1940598060 | ||
| 003 | DE-627 | ||
| 005 | 20251107095802.0 | ||
| 007 | tu | ||
| 008 | 251106s2023 xx ||||| 00| ||ita c | ||
| 020 | |a 9788849246919 | ||
| 035 | |a (DE-627)1940598060 | ||
| 035 | |a (DE-599)KXP1940598060 | ||
| 040 | |a DE-627 |b ger |c DE-627 |e rda | ||
| 041 | |a ita |a eng | ||
| 084 | |a 2,1 |2 ssgn | ||
| 100 | 1 | |a Cocco, Giovanni Battista |d 1973- |e VerfasserIn |0 (DE-588)132914956 |0 (DE-627)690992971 |0 (DE-576)299500306 |4 aut | |
| 109 | |a Cocco, Giovanni Battista 1973- | ||
| 245 | 1 | 0 | |a Architetture del passato, patrimoni del presente |c Giovanni Battista Cocco |
| 264 | 1 | |c 2023 | |
| 300 | |b Architectures of the past, heritages of the present | ||
| 336 | |a Text |b txt |2 rdacontent | ||
| 337 | |a ohne Hilfsmittel zu benutzen |b n |2 rdamedia | ||
| 338 | |a Band |b nc |2 rdacarrier | ||
| 500 | |a Text liegt sowohl in italienischer als auch in englischer Sprache vor | ||
| 773 | 0 | 8 | |i Enthalten in |t Architetture liberate |d Roma : Gangemi editore SpA international, 2023 |g (2023), Seite 26-35 |h 191 Seiten |w (DE-627)1883702771 |z 9788849246919 |7 nnam |
| 773 | 1 | 8 | |g year:2023 |g pages:26-35 |
| 951 | |a AR | ||
| ELC | |b 1 | ||
| LOK | |0 000 xxxxxcx a22 zn 4500 | ||
| LOK | |0 001 4797722037 | ||
| LOK | |0 003 DE-627 | ||
| LOK | |0 004 1940598060 | ||
| LOK | |0 005 20251106141640 | ||
| LOK | |0 008 251106||||||||||||||||ger||||||| | ||
| LOK | |0 040 |a DE-2619 |c DE-627 |d DE-2619 | ||
| LOK | |0 092 |o n | ||
| LOK | |0 852 |a DE-2619 | ||
| LOK | |0 852 1 |9 00 | ||
| LOK | |0 939 |a 06-11-25 |b l01 | ||
| ORI | |a SA-MARC-krimdoka001.raw | ||
